000 00656nam a2200241 i 4500
001 C2-0099648
003 PPAK
005 20180727094856.0
008 970526s1978 my |||| ||||| | may d
040 _aPPAK
_beng
_cPPAK
_erda
082 0 4 _a320.9595
_223
090 0 0 _a320.9595
_bKOD
_dKIH
090 0 0 _a320.9595
_bKOD
_dKSA
100 1 _aKoding, Mark,
_eauthor
245 1 0 _aDetik penentuan
264 1 _aKuala Lumpur :
_bAmpang Press ,
_c1978
300 _aiv, 16 pages ;
_c18 cm
336 _2rdacontent
_atext
337 _2rdamedia
_aunmediated
338 _2rdacarrier
_avolume
650 1 0 _aMalaysia - Politics and government
942 _ddc
_cB
999 _c22327
_d22327